Online katalóg knižníc regiónu Turca

Záhradníčime s Lunou (Record no. 22953)

MARC details
000 -LEADER
fixed length control field 01499nam a2200433 a 4500
001 - CONTROL NUMBER
control field 22953
003 - CONTROL NUMBER IDENTIFIER
control field SK-KTurca
005 - DATE AND TIME OF LATEST TRANSACTION
control field 20260513074717.0
008 - FIXED-LENGTH DATA ELEMENTS--GENERAL INFORMATION
fixed length control field 251031s2005 xo a g 001 0 slo
015 ## - NATIONAL BIBLIOGRAPHY NUMBER
National bibliography number SNBA2007/02-00321
020 ## - INTERNATIONAL STANDARD BOOK NUMBER
International Standard Book Number 805510977X (viaz.)
035 ## - SYSTEM CONTROL NUMBER
System control number BA147461-A990-4D89-9F4E-540C63C3BA31
035 ## - SYSTEM CONTROL NUMBER
System control number urn:nbn:sk:snk-amk6s5
035 ## - SYSTEM CONTROL NUMBER
System control number urn:nbn:sk:snk-am008ixc
035 ## - SYSTEM CONTROL NUMBER
System control number urn:nbn:sk:snk-am0091yq
035 ## - SYSTEM CONTROL NUMBER
System control number 026A5EA9-4C00-4F9F-B377-7825E3DFAECB
040 ## - CATALOGING SOURCE
Original cataloging agency SNK
Language of cataloging slo
Transcribing agency SNK
041 1# - LANGUAGE CODE
Language code of text/sound track or separate title slo
Language code of original ger
044 ## - COUNTRY OF PUBLISHING/PRODUCING ENTITY CODE
MARC country code xo
ISO country code SK
072 #7 - SUBJECT CATEGORY CODE
Subject category code 635
Subject category code subdivision Záhradkárstvo
Source konspekt
080 ## - UNIVERSAL DECIMAL CLASSIFICATION NUMBER
Universal Decimal Classification number 634/635
Edition identifier 2001
080 ## - UNIVERSAL DECIMAL CLASSIFICATION NUMBER
Universal Decimal Classification number 133
Edition identifier MDT-MRF
080 ## - UNIVERSAL DECIMAL CLASSIFICATION NUMBER
Universal Decimal Classification number 523.34
Edition identifier MDT-MRF
080 ## - UNIVERSAL DECIMAL CLASSIFICATION NUMBER
Universal Decimal Classification number (0.062)
Edition identifier MDT-MRF
100 1# - MAIN ENTRY--PERSONAL NAME
Personal name Paungger, Johanna,
Dates associated with a name 1953-
Relationship aut
240 1# - UNIFORM TITLE
Uniform title Der lebendige Garden
Language of a work Slovensky
245 10 - TITLE STATEMENT
Title Záhradníčime s Lunou
Remainder of title živá záhrada v správnom čase v súlade s mesačnými a prírodnými rytmami
Statement of responsibility, etc. Johanna Paunggerová, Thomas Poppe; [z nemeckého originálu preložili Magda Spillerová a Květoslav Spiller]
250 ## - EDITION STATEMENT
Edition statement [1. vyd.]
260 ## - PUBLICATION, DISTRIBUTION, ETC.
Place of publication, distribution, etc. Bratislava
Name of publisher, distributor, etc. Ikar
Date of publication, distribution, etc. 2005
300 ## - PHYSICAL DESCRIPTION
Extent 344 s.
Dimensions ilustr.
-- 21 cm
Accompanying material 1 sch.
500 ## - GENERAL NOTE
General note Menný reg.
650 07 - SUBJECT ADDED ENTRY--TOPICAL TERM
Topical term or geographic name entry element záhradkárstvo
Source of heading or term SNKPH
650 07 - SUBJECT ADDED ENTRY--TOPICAL TERM
Topical term or geographic name entry element astrologické aspekty
Source of heading or term SNKPH
651 #7 - SUBJECT ADDED ENTRY--GEOGRAPHIC NAME
Geographic name Mesiac (prirodzený satelit Zeme)
Source of heading or term SNKPHgeo
655 #7 - INDEX TERM--GENRE/FORM
Genre/form data or focus term populárno-náučné publikácie
Source of term SNKPH
700 1# - ADDED ENTRY--PERSONAL NAME
Personal name Spillerová, Magdaléna
700 1# - ADDED ENTRY--PERSONAL NAME
Personal name Spiller, Květoslav
Relationship trl
942 ## - ADDED ENTRY ELEMENTS (KOHA)
Source of classification or shelving scheme Dewey Decimal Classification
Koha item type Odborná literatúra pre dospelých
Suppress in OPAC No
Holdings
Stav vyradenia Strata Poškodenie Spôsob nadobudnutia Domovská knižnica Aktuálna knižnica Dátum nadobudnutia Total checkouts Čiarový kód exemplára Date last seen Typ exemplára
      Dar Obecná knižnica Turčianska Štiavnička Obecná knižnica Turčianska Štiavnička 13.05.2026   4738001246 13.05.2026 Odborná literatúra pre dospelých
Projekt je podporený Slovenskou asociáciou knižníc
Prevádzkuje Turčianska knižnica Martin 2026